00867cam a22002651 45000010005000000030008000050050017000130080041000300350019000710350019000900400027001090410008001360820008001441000024001522450052001762500008002282600047002363000041002834900022003245000036003465000115003825040031004976500030005286510043005587372BD-RjUL20211208234415.0140113s1953 xx ab 000 0 eng d a(BD-RjUL) 7415 a(OCoLC)2606792 aDLCcPCarlMHdDLCbeng aeng00bGAS1 aGarthoff, Raymond L10aSoviet military doctrine /cGarthoff, Raymond L a1st aSanta Monica, Calif.,bRand Corp.,cc1953. axviii, 587 p.billus., maps.c24 cm.1 aRand report R-223 aAt head of title: Project Rand. a"This study is largely a revised and extended version of ... [the author's] dissertation ... Yale University." aBibliography: p. 507-565. 0aMilitary art and science. 0aSoviet UnionxPolitics and government.